00397 2200169 4500001002100000005001500021035002000036007000300056008004100059082000800100084001400108100001600122245001900138260004200157856001800199990001000217INLIS00000000000306620250731092024 a0010-0725000189ta250731 d 0 ind  a813 a813 INT n0 aIntan Lui B1 aNo Dinner Date aYogyakarta :bHomerian Pustaka,c2010 aKelompok Umum a25154